000 00538nam a2200181Ia 4500
003 GCL
008 140319s9999 xx 000 0 eng d
040 _aGCL /
_cGCL
082 0 4 _a305.26094
_bS G
100 1 _aSHAHAR, SHULAMITH
245 1 0 _aCROWNING OLD IN THE MIDDLE AGES: WINTER CLOTHES US IN SHADOW AND PAIN /
_cSHAHAR, SHULAMITH
260 _a[S.N] :
_bROUTLEDGE ،
_c1996
300 _a243 P
650 0 4 _aAGED - EUROPE - HISTORY
650 0 4 _aSOCIAL HISTORY - MEDIEVAL
650 0 4 _aAGING - SOCIAL ASPECTS
942 _2ddc
_cBK
999 _c14351
_d14351